000 00769cam a22002653a 4500
001 29645
003 PGUSA
005 20140828083636.0
008 090809s2009||||xxu|||||s|||||000 | eng d
040 _aPGUSA
_beng
042 _adc
050 4 _aPA
100 1 _aCaesar, Julius,
_d-100--44
245 1 4 _aThe Gate to Cæsar
_h[electronic resource] /
_cJulius Caesar
260 _bProject Gutenberg,
_c2009
500 _a"Caesar's Gallic war, book II."
506 _aPublic domain in the USA.
516 _aElectronic text
653 _aLatin language -- Readers
700 1 _aCollar, William C.
_q(William Coe),
_d1833-1916
740 0 _aGate to Caesar
830 0 _aProject Gutenberg
_v29645
856 4 0 _uhttp://www.gutenberg.org/ebooks/29645
942 _cEB
999 _c258900
_d258900